000 00463nam a2200181Ia 4500
003 GCL
008 140319s9999 xx 000 0 eng d
040 _aGCL /
_cGCL
082 0 4 _a658.15209593
_bT S
100 1 _aTOEWS, BEA
245 1 0 _aSUCCEED IN BUSINESS /
_cTOEWS, BEA
260 _aانجلترا :
_bTIMES BOOKS ،
_c1998
300 _a18 CM ؛
_c240 P
650 0 4 _aECONOMICS
650 0 4 _aBUSINESS
650 0 4 _aSUCCESS IN BUSINESS
942 _2ddc
_cBK
999 _c1857
_d1857